ICU - Phoebe Bridgers (Lyrics) - Statistics

General Stats
  • This quiz has been taken 43 times
    42 since last reset
  • The average score is 155 of 184
Answer Stats
Answer % Correct
a
96%
can
96%
feel
96%
get
96%
I
96%
it
96%
now
96%
Now
96%
see
96%
the
96%
to
96%
what
96%
when
96%
When
96%
you
96%
don't
92%
drums
92%
even
92%
know
92%
open
92%
play
92%
something
92%
And
88%
But
88%
It's
88%
can't
85%
hate
85%
her
85%
how
85%
me
85%
mom
85%
mouth
85%
say
85%
she
85%
up
85%
used
85%
want
85%
your
85%
you're
85%
about
81%
be
81%
fuck
81%
good
81%
in
81%
light
81%
much
81%
opens
81%
talking
81%
again
77%
amazing
77%
My
77%
Until
77%
window
77%
down
73%
I'm
73%
Laying
73%
on
73%
this
73%
dead
69%
dystopian
69%
feels
69%
I'll
69%
It'll
69%
last
69%
of
69%
stand
69%
time
69%
whenever
69%
been
65%
'Cause
65%
house
65%
I've
65%
life
65%
out
65%
playing
65%
right
65%
thinking
65%
through
65%
tired
65%
trying
65%
whole
65%
climb
62%
feeling
62%
lawn
62%
loud
62%
not
62%
too
62%
wide
62%
brush
58%
leave
58%
Let
58%
morning
58%
strokes
58%
Then
58%
If
54%
art
50%
close
50%
standing
50%
work
50%
pour
42%
No matching quizzes found
Score Distribution
Percent of People with Each Score
Percentile by Number Answered
Your Score History
You have not taken this quiz since the last reset